Famous Men of the 1980s: Picture Quiz - Statistics

General Stats
  • This quiz has been taken 39 times
  • The average score is 16 of 20
Answer Stats
Picture Hint Answer % Correct
singer Michael Jackson
100%
singer Prince
94%
singer Bruce Springsteen
92%
religious figure John Paul II
92%
athlete Mike Tyson
92%
government Mikhail Gorbachev
92%
government Ronald Reagan
92%
actor Sylvester Stallone
92%
actor Tom Cruise
92%
actor Michael J. Fox
89%
singer George Michael
86%
actor Harrison Ford
86%
actor Robin Williams
86%
comedian Eddie Murphy
83%
Muppets creator Jim Henson
78%
government Al Gore
75%
writer Stephen King
72%
athlete Magic Johnson
42%
political figure Desmond Tutu
33%
government Thurgood Marshall
33%
No matching quizzes found
Score Distribution
Percent of People with Each Score
Percentile by Number Answered
Your Score History
You have not taken this quiz